Normal view
MARC view
- الجرائم المعلوماتيه - القانون الدولي
Entry Topical Term
001 - CONTROL NUMBER
- control field: 58204
003 - CONTROL NUMBER IDENTIFIER
- control field: JO-AjAnu
005 - DATE AND TIME OF LATEST TRANSACTION
- control field: 20230606083527.0
008 - FIXED-LENGTH DATA ELEMENTS
- fixed length control field: 230606|| aca||aabn | a|a d
040 ## - CATALOGING SOURCE
- Original cataloging agency: JO-AjAnu
- Transcribing agency: JO-AjAnu
150 ## - HEADING--TOPICAL TERM
- Topical term or geographic name entry element: الجرائم المعلوماتيه - القانون الدولي
670 ## - SOURCE DATA FOUND
- Source citation: Work cat.: (JO-AjAnu)29693: اعداد عدي محمد عبد الرحمن عناب؛ اشراف طلال ياسين العيسى, author 58203, المسؤوليه الدوليه الناشئه عن الهجمات السيبرانيه في ضوء القانون الدولي المعاصر = International responsibility for cyber attacks in the light of contemporary international law